The effect of agrochemicals on community economy in koh thom district kandal province ផលប៉ះពាល់នៃសារធាតុគីមីកសិកម្មលើសេដ្ឋកិច្ច​សហគមន៍ក្នុងស្រុកកោះធំ ខេត្តកណ្ដាល (Record no. 565)

000 -LEADER
fixed length control field 00665nam a22001577a 4500
003 - CONTROL NUMBER IDENTIFIER
control field OSt
005 - DATE AND TIME OF LATEST TRANSACTION
control field 20150916112439.0
008 - FIXED-LENGTH DATA ELEMENTS--GENERAL INFORMATION
fixed length control field 150916b xxu||||| |||| 00| 0 eng d
040 ## - CATALOGING SOURCE
Transcribing agency RUA
082 ## - DEWEY DECIMAL CLASSIFICATION NUMBER
Classification number AGR MOB 2003 B028 Or.1
100 ## - MAIN ENTRY--PERSONAL NAME
9 (RLIN) 587
Personal name MOB, SARETH.
245 ## - TITLE STATEMENT
Title The effect of agrochemicals on community economy in koh thom district kandal province ផលប៉ះពាល់នៃសារធាតុគីមីកសិកម្មលើសេដ្ឋកិច្ច​សហគមន៍ក្នុងស្រុកកោះធំ ខេត្តកណ្ដាល
260 ## - PUBLICATION, DISTRIBUTION, ETC. (IMPRINT)
Place of publication, distribution, etc. Phnom Penh
Name of publisher, distributor, etc. RUA
Date of publication, distribution, etc. 2003
300 ## - PHYSICAL DESCRIPTION
Extent 45p.
Other physical details ill.
Dimensions 29cm.
942 ## - ADDED ENTRY ELEMENTS (KOHA)
Source of classification or shelving scheme
Koha item type AGR
Holdings
Price effective from Date last seen Permanent Location Not for loan Date acquired Source of classification or shelving scheme Koha item type Barcode Lost status Damaged status Shelving location Withdrawn status Current Location Full call number
2015-09-162015-09-16Library Block B 2015-09-16 AGRRUA008313  B028 Library Block BAGR MOB 2003 B028 Or.1
2015-09-162015-09-16Library Block B 2015-09-16 AGRRUA001267  B028 Library Block BAGR MOB 2003 B028 Or.2
2015-09-292015-09-29Library Block B 2015-09-29 AGRRUA001278  B028 Library Block BAGR MOB 2003 B028 Or.3
2015-09-292015-09-29Library Block B 2015-09-29 AGRRUA001263  B028 Library Block BAGR MOB 2003 B028 Or.4
មជ្ឈមណ្ឌលឯការនៃសាកលវិទ្យាល័យភូមិន្ទកសិកម្មចំការដូង

Powered by Koha